[Event "Polfinaly Mistrzostw Polski Juniorow 2023 C-13"]
[Site "Jastrzebia Gora"]
[Date "1899-12-30"]
[Round "1.1"]
[White "Dobrowolski, Kamil"]
[Black "Skrzypiec, Franciszek"]
[Result "1/2-1/2"]
[WhiteTitle "II+"]
[BlackTitle "II"]
[WhiteElo "1628"]
[BlackElo "1280"]

1. e4 c5 2. Nc3 Nc6 3. Bb5 g6 4. Bxc6 bxc6 5. f4 Bg7 6. Nf3 Nf6 7. O-O O-O 8. d3
d6 9. h3 Ne8 10. Be3 Nc7 11. d4 Ba6 12. Rf2 Rb8 13. Rb1 Ne6 14. e5 cxd4 15. Nxd4
Nxd4 16. Qxd4 Rb7 17. Qa4 Bb5 18. Nxb5 cxb5 19. Qa6 Qc7 20. exd6 exd6 21. Rd2
Re8 22. Bf2 Re6 23. Qa3 a5 24. Rbd1 b4 25. Qb3 Qc6 26. Qd5 Qxd5 27. Rxd5 a4 28.
Bd4 Bxd4+ 29. R5xd4 b3 30. cxb3 axb3 31. axb3 Rxb3 32. R4d2 Re4 33. Rf2 Reb4 34.
Rb1 d5 1/2-1/2

[Event "Polfinaly Mistrzostw Polski Juniorow 2023 C-13"]
[Site "Jastrzebia Gora"]
[Date "1899-12-30"]
[Round "1.2"]
[White "Dunalski, Szymon"]
[Black "Oles, Mateusz"]
[Result "0-1"]
[WhiteTitle "II"]
[BlackTitle "II+"]
[WhiteElo "1279"]
[BlackElo "1549"]

1. e4 c5 2. d3 g6 3. f4 Bg7 4. Nd2 Nc6 5. Ngf3 e6 6. g3 Nge7 7. Bg2 O-O 8. O-O
d5 9. e5 b6 10. c3 a5 11. h3 Nf5 12. Qe1 Ba6 13. c4 Nb4 14. g4 Nc2 15. Qf2 Nfe3
16. Re1 Nxg2 17. Kxg2 Nxa1 0-1

[Event "Polfinaly Mistrzostw Polski Juniorow 2023 C-13"]
[Site "Jastrzebia Gora"]
[Date "1899-12-30"]
[Round "1.3"]
[White "Rajlich, Vaclav"]
[Black "Baranowski, Jan"]
[Result "1/2-1/2"]
[WhiteTitle "I"]
[BlackTitle "II"]
[WhiteElo "1539"]
[BlackElo "1275"]

1. e4 c5 2. Nf3 Nc6 3. d4 cxd4 4. Nxd4 g6 5. Nc3 Bg7 6. Be3 Nf6 7. Nxc6 bxc6 8.
e5 Ng8 9. Bd4 Qc7 10. f4 Nh6 11. Bc4 Nf5 12. Bf2 h5 13. Qd2 O-O 14. O-O-O d6 15.
exd6 exd6 16. g3 d5 17. Bb3 Be6 18. h3 d4 19. Ne4 Bxb3 20. axb3 Rfe8 21. Rde1
c5 22. g4 hxg4 23. hxg4 Ne3 24. Bxe3 Rxe4 25. Qg2 Rae8 26. Bd2 Rxe1+ 27. Bxe1
Qxf4+ 28. Bd2 Qf6 29. Qd5 Qb6 30. Rf1 Qc7 31. Bf4 Qe7 32. Bg5 Qc7 33. Bf4 Qe7
1/2-1/2

[Event "Polfinaly Mistrzostw Polski Juniorow 2023 C-13"]
[Site "Jastrzebia Gora"]
[Date "1899-12-30"]
[Round "1.4"]
[White "Furlepa, Oskar"]
[Black "Kaszuba, Michal"]
[Result "1-0"]
[WhiteTitle "II"]
[BlackTitle "II+"]
[WhiteElo "1243"]
[BlackElo "1536"]

1. e4 c5 2. Nf3 g6 3. d4 cxd4 4. Nxd4 Nc6 5. Nc3 Bg7 6. Be3 Nf6 7. Be2 O-O 8. O-O
d6 9. Qd2 Bd7 10. h3 Rc8 11. Rad1 a6 12. f4 Nxd4 13. Bxd4 Bc6 14. Bf3 b5 15. a3
Qd7 16. e5 dxe5 17. Bxe5 Qa7+ 18. Qf2 Qb7 19. Rd4 a5 20. Qd2 Qb6 21. Kh2 Rfd8
22. Bxc6 Rxd4 23. Qxd4 Qxc6 24. Rd1 h5 25. g3 Qf3 26. Rd3 Qc6 27. Rd2 h4 28. g4
Qf3 29. Rd3 Qb7 30. Rd2 b4 31. axb4 axb4 32. Na2 b3 33. cxb3 Qxb3 34. Nc3 Qb7
35. Qf2 g5 36. Kg1 Ra8 37. Qg2 Ra1+ 38. Kh2 Qc8 39. Ne4 Nxe4 40. Qxe4 Qc1 41.
Qg2 f6 42. fxg5 fxe5 43. Rd8+ Bf8 44. Qd5+ Kg7 45. Qxe5+ Kf7 46. Qf5+ Kg7 47.
Qxf8+ Kg6 48. Qg8# 1-0

[Event "Polfinaly Mistrzostw Polski Juniorow 2023 C-13"]
[Site "Jastrzebia Gora"]
[Date "1899-12-30"]
[Round "1.5"]
[White "Jagodzinski, Jaromir"]
[Black "Kucinski, Jan"]
[Result "1/2-1/2"]
[WhiteTitle "I"]
[BlackTitle "II"]
[WhiteElo "1527"]
[BlackElo "1230"]

1. e4 e5 2. Nf3 Nc6 3. Bb5 d6 4. Nc3 Bd7 5. d3 Nf6 6. Bg5 Be7 7. Qd2 h6 8. Bxf6
Bxf6 9. Nd5 a6 10. Ba4 O-O 11. h3 Nb8 12. Bb3 Be6 13. g4 c6 14. Nxf6+ Qxf6 15.
Qe3 Bxb3 16. axb3 Nd7 17. O-O-O Rfe8 18. Kb1 Nc5 19. Rhe1 Rad8 20. b4 Ne6 21.
d4 exd4 22. Nxd4 Nxd4 23. Rxd4 d5 24. e5 Qe6 25. f4 f5 26. gxf5 Qxf5 27. Rg1 Re7
28. h4 Rf8 29. Qg3 Kh7 30. Rf1 Rxe5 31. Rg1 Re7 32. b3 Rff7 33. Kb2 Re4 34. Rxe4
Qxe4 35. Kb1 Qxf4 36. Qg6+ Kg8 37. Re1 Qf6 38. Qg4 Re7 39. Rg1 Qe6 40. Qf4 Qe4
41. Qxh6 Qxb4 42. Qg5 Re1+ 43. Rxe1 Qxe1+ 44. Kb2 Qe6 45. Qd8+ Kf7 46. Qb8 Qe7
47. Ka2 g6 48. Qf4+ Kg7 49. Qd4+ Kh6 50. Qh8+ Qh7 51. Qf8+ Qg7 52. Qf4+ g5 53.
hxg5+ Qxg5 54. Qf8+ Qg7 55. Qf4+ Kg6 56. Qg4+ Kf6 57. Qb4 Ke6 58. Kb1 Qc7 59.
Qg4+ Ke7 60. Qg7+ Kd8 61. Qf8+ Kd7 62. Qf5+ Ke8 63. Qe6+ Qe7 64. Qc8+ Kf7 65.
Qf5+ Kg7 66. Qg4+ Kf6 67. Qc8 Ke5 68. Qb8+ Kd4 69. Kb2 Ke4 70. Ka2 d4 71. Qg3
Kd5 72. Qg8+ Kc5 73. Qc4+ Kb6 74. Qxd4+ Qc5 75. Qd3 a5 76. Qe4 Qc3 77. Kb1 Qf6
78. Qc4 1/2-1/2

[Event "Polfinaly Mistrzostw Polski Juniorow 2023 C-13"]
[Site "Jastrzebia Gora"]
[Date "1899-12-30"]
[Round "1.6"]
[White "Boguszewski, Kacper"]
[Black "Staniczek, Kacper"]
[Result "0-1"]
[WhiteTitle "II"]
[BlackTitle "I"]
[WhiteElo "1211"]
[BlackElo "1504"]

1. e4 e5 2. Nf3 Nc6 3. Bc4 Nf6 4. O-O Nxe4 5. Nc3 Nxc3 6. dxc3 Be7 7. Qd5 O-O 8.
Nxe5 Nxe5 9. Qxe5 Bf6 10. Qg3 d6 11. Qf3 c6 12. Bf4 Be6 13. Bd3 d5 14. Kh1 Qd7
15. h3 Bf5 16. g4 Bxd3 17. cxd3 Rfe8 18. d4 Re4 19. Rae1 Rae8 20. Bd2 Bg5 21.
Rxe4 dxe4 22. Qe2 Bxd2 23. Qxd2 Qd5 24. Qe2 Qxa2 25. f3 e3 26. Re1 a5 27. Qf2
Qe6 28. Qe2 h6 29. Qd3 b5 30. Kg2 a4 31. f4 Qe7 32. Kf3 Qh4 33. Rxe3 Qxh3+ 34.
Kf2 Rxe3 35. Qxe3 Qxe3+ 36. Kxe3 f5 37. gxf5 Kf7 38. Kf3 Kf6 39. Kg4 h5+ 40. Kxh5
Kxf5 0-1

[Event "Polfinaly Mistrzostw Polski Juniorow 2023 C-13"]
[Site "Jastrzebia Gora"]
[Date "1899-12-30"]
[Round "1.7"]
[White "Seemann, Adam"]
[Black "Hlubek, Tymoteusz"]
[Result "1-0"]
[WhiteTitle "II"]
[BlackTitle "II+"]
[WhiteElo "1501"]
[BlackElo "1207"]

1. e4 c6 2. d4 d5 3. Nc3 dxe4 4. Nxe4 Nf6 5. Nxf6+ exf6 6. c3 Bd6 7. Bd3 O-O 8.
Qc2 h6 9. Ne2 Qc7 10. Be3 Be6 11. h3 Nd7 12. O-O Rfd8 13. Qd2 c5 14. Nf4 Nf8 15.
d5 Bc8 16. Nh5 c4 17. Bc2 Be6 18. Be4 Bxd5 19. Bxd5 Bh2+ 20. Kh1 Qe5 21. Rad1
Qxh5 22. Kxh2 Rd7 23. g4 Qe5+ 24. f4 Qc7 25. Qf2 Rad8 26. Bf3 g5 27. Be2 Ng6 28.
Rd4 Rxd4 29. cxd4 Re8 30. Bd1 Re4 31. Bc2 Nxf4 32. Bxe4 Ne2+ 33. Kg2 Nf4+ 34.
Bxf4 gxf4 35. Qxf4 Qxf4 36. Rxf4 1-0

[Event "Polfinaly Mistrzostw Polski Juniorow 2023 C-13"]
[Site "Jastrzebia Gora"]
[Date "1899-12-30"]
[Round "1.8"]
[White "Szymczyk, Jan"]
[Black "Mielcuch, Karol"]
[Result "1/2-1/2"]
[WhiteTitle "II"]
[BlackTitle "II+"]
[WhiteElo "1201"]
[BlackElo "1479"]

1. e4 c5 2. Nf3 e6 3. d4 cxd4 4. Nxd4 Nc6 5. Nxc6 bxc6 6. Bd3 Be7 7. Nc3 d5 8.
O-O Nf6 9. h3 O-O 10. Bf4 Qb6 11. Rb1 Bb7 12. e5 Nd7 13. Qh5 g6 14. Qg4 Rfe8 15.
h4 h5 16. Qg3 Kg7 17. Rfe1 Qd8 18. Bg5 Bxg5 19. Qxg5 Qxg5 20. hxg5 Rad8 21. f4
a6 22. Rbd1 c5 23. b3 Nb6 24. Bf1 Rc8 25. Nb1 c4 26. Re2 Re7 27. Na3 Rec7 28.
Red2 cxb3 29. cxb3 Rc5 30. Bd3 Ra5 31. Nb1 Rac5 1/2-1/2

[Event "Polfinaly Mistrzostw Polski Juniorow 2023 C-13"]
[Site "Jastrzebia Gora"]
[Date "1899-12-30"]
[Round "1.9"]
[White "Rabenda, Piotr"]
[Black "Michalczyk, Kajetan"]
[Result "0-1"]
[WhiteTitle "II+"]
[BlackTitle "II"]
[WhiteElo "1468"]
[BlackElo "1168"]

1. d4 Nf6 2. c4 g6 3. Nc3 d5 4. cxd5 Nxd5 5. e4 Nxc3 6. bxc3 Bg7 7. Bc4 c5 8. Ne2
Nc6 9. Be3 O-O 10. O-O Bg4 11. f3 Na5 12. Bd3 cxd4 13. cxd4 Be6 14. Qa4 a6 15.
Bd2 Nc6 16. Be3 b5 17. Qc2 Nxd4 18. Nxd4 Bxd4 19. Bxd4 Qxd4+ 20. Kh1 Rac8 21.
Qe2 Rfd8 22. Rfd1 Bc4 23. Bxc4 Qxc4 24. Rxd8+ Rxd8 25. Qxc4 bxc4 26. Rc1 c3 27.
Kg1 Rc8 28. Kf2 Kg7 29. Ke3 Kf6 30. Kd3 Rd8+ 31. Kxc3 Rc8+ 32. Kd2 Rxc1 33. Kxc1
Ke5 34. Kc2 Kd4 35. Kb3 f5 36. e5 Kxe5 37. Kc4 g5 38. g3 h5 39. Kd3 f4 40. g4
hxg4 41. fxg4 Kd5 42. h3 e5 43. a3 e4+ 44. Kd2 Ke5 45. a4 f3 46. Ke3 a5 47. h4
gxh4 48. g5 h3 49. g6 Kf6 0-1

[Event "Polfinaly Mistrzostw Polski Juniorow 2023 C-13"]
[Site "Jastrzebia Gora"]
[Date "1899-12-30"]
[Round "1.10"]
[White "Malecki, Patryk"]
[Black "Iwan, Patryk"]
[Result "1/2-1/2"]
[WhiteTitle "II"]
[BlackTitle "II+"]
[WhiteElo "1152"]
[BlackElo "1466"]

1. e4 c5 2. c3 Nf6 3. e5 Nd5 4. d4 cxd4 5. Nf3 Nc6 6. cxd4 d6 7. Bc4 dxe5 8. dxe5
e6 9. O-O Be7 10. Qe2 Nb6 11. Bb3 Qc7 12. Bf4 O-O 13. Nc3 a6 14. Rac1 Rd8 15.
Qe4 h6 16. Bc2 g6 17. Bxh6 Nd7 18. Bf4 b5 19. Qe2 Bb7 20. h4 Bf6 21. Rfe1 Bg7
22. Bb1 Qb8 23. Bg3 Ne7 24. Rcd1 Qc7 25. Nd4 Nc6 26. Nxc6 Bxc6 27. h5 b4 28. hxg6
bxc3 29. gxf7+ Kf8 30. Bh4 Nxe5 31. Bxd8 Rxd8 32. Rxd8+ Qxd8 33. f4 Qd4+ 34. Qe3
Qxe3+ 35. Rxe3 Nc4 36. Rxe6 Bd5 37. Rxa6 cxb2 38. Bd3 Nd2 39. Ra4 Be4 40. Bxe4
Nxe4 41. Rb4 Nd2 1/2-1/2

[Event "Polfinaly Mistrzostw Polski Juniorow 2023 C-13"]
[Site "Jastrzebia Gora"]
[Date "1899-12-30"]
[Round "1.11"]
[White "Lesik, Sebastian"]
[Black "Stasik, Marceli"]
[Result "1-0"]
[WhiteTitle "II"]
[BlackTitle "II"]
[WhiteElo "1447"]
[BlackElo "1122"]

1. d4 d5 2. c4 e6 3. Nc3 Nf6 4. Nf3 Be7 5. Bf4 O-O 6. e3 c6 7. Qc2 h6 8. h3 Nbd7
9. Bd3 dxc4 10. Bxc4 Nb6 11. Bb3 Nfd5 12. Bg3 Bd6 13. Bxd6 Qxd6 14. O-O Nxc3 15.
bxc3 Nd7 16. Rfd1 b6 17. e4 Ba6 18. e5 Qe7 19. Qe4 c5 20. d5 exd5 21. Qxd5 c4
22. Qxd7 Qxd7 23. Rxd7 Bb5 24. Rd5 Bc6 25. Bxc4 Bxd5 26. Bxd5 Rac8 27. e6 Rxc3
28. exf7+ Kh7 29. Ne5 1-0

[Event "Polfinaly Mistrzostw Polski Juniorow 2023 C-13"]
[Site "Jastrzebia Gora"]
[Date "1899-12-30"]
[Round "1.12"]
[White "Wozniak, Bartosz"]
[Black "Krogulski, Maksymilian"]
[Result "0-1"]
[WhiteTitle "II"]
[BlackTitle "I"]
[WhiteElo "1121"]
[BlackElo "1441"]

1. e4 c5 2. Nf3 e6 3. d4 cxd4 4. Nxd4 Nc6 5. Nc3 Qc7 6. Be3 a6 7. Qf3 Nf6 8. O-O-O
Be7 9. Be2 d6 10. g4 h6 11. h4 Nxd4 12. Bxd4 e5 13. Be3 Bxg4 14. Qg3 Be6 15. Qxg7
O-O-O 16. Qg2 Kb8 17. Kb1 Rc8 18. Rd2 Qa5 19. Nd5 Rcg8 20. Qf1 Nxe4 21. Rd3 Bxd5
22. Ra3 Qc7 23. Bxa6 bxa6 24. Qxa6 Qb7 25. Qd3 Nc5 26. Bxc5 dxc5 27. c4 Be4 28.
Qd1 0-1

[Event "Polfinaly Mistrzostw Polski Juniorow 2023 C-13"]
[Site "Jastrzebia Gora"]
[Date "1899-12-30"]
[Round "1.13"]
[White "Uhryn, Lukasz"]
[Black "Chmielnicki, Michal"]
[Result "1-0"]
[WhiteTitle "I"]
[BlackTitle "II"]
[WhiteElo "1435"]
[BlackElo "1116"]

1. e4 e5 2. Nf3 Nc6 3. Bb5 a6 4. Ba4 Nf6 5. O-O b5 6. Bb3 Bc5 7. d3 h6 8. Be3 Bxe3
9. fxe3 d6 10. a4 Bb7 11. Nbd2 O-O 12. Qe2 Re8 13. h3 d5 14. axb5 axb5 15. Rxa8
Bxa8 16. exd5 Nxd5 17. g3 Qd7 18. Kh2 Kh7 19. e4 Nb6 20. Ng5+ Kh8 21. Nxf7+ Kh7
22. Ng5+ Kh8 23. Qh5 Nd4 24. Qg6 1-0

[Event "Polfinaly Mistrzostw Polski Juniorow 2023 C-13"]
[Site "Jastrzebia Gora"]
[Date "1899-12-30"]
[Round "1.14"]
[White "Smejda, Hubert"]
[Black "Protas, Jakub"]
[Result "0-1"]
[WhiteTitle "III"]
[BlackTitle "II"]
[WhiteElo "1091"]
[BlackElo "1392"]

1. e4 c5 2. Nf3 d6 3. d4 cxd4 4. Nxd4 Nf6 5. Nc3 g6 6. f3 Bg7 7. Be3 O-O 8. Qd2
Nc6 9. O-O-O Bd7 10. g4 Ne5 11. Be2 b5 12. h4 Nc4 13. Bxc4 bxc4 14. Bh6 Qb6 15.
Bxg7 Kxg7 16. Nd5 Nxd5 17. exd5 f6 18. Rdg1 Rab8 19. c3 Kf7 20. Rg2 Qa5 21. h5
Qxa2 22. hxg6+ hxg6 23. Rh7+ Ke8 24. Re2 Qa1+ 25. Kc2 Rxb2# 0-1

[Event "Polfinaly Mistrzostw Polski Juniorow 2023 C-13"]
[Site "Jastrzebia Gora"]
[Date "1899-12-30"]
[Round "1.15"]
[White "Goralski, Mateusz"]
[Black "Sidor, Mateusz"]
[Result "1-0"]
[WhiteTitle "II"]
[BlackTitle "II"]
[WhiteElo "1354"]
[BlackElo "1063"]

1. e4 c5 2. Nf3 a6 3. c4 d6 4. Nc3 Nf6 5. d4 cxd4 6. Nxd4 e6 7. Be2 Be7 8. O-O
O-O 9. Be3 b6 10. f4 Bb7 11. Qc2 Nbd7 12. Nb3 Rc8 13. Rad1 Qc7 14. Qb1 Qb8 15.
h3 Qa8 16. Nd2 Nc5 17. Bf3 Rfd8 18. e5 dxe5 19. Bxb7 Qxb7 20. fxe5 Nfd7 21. b4
Nd3 22. Qxd3 Nxe5 23. Qe4 Qc7 24. a3 f5 25. Qc2 Nd3 26. Ne2 Qe5 27. Rf3 Bh4 28.
Nf1 Ne1 29. Rxe1 Bxe1 30. Bxb6 Rd2 31. Nxd2 Qxe2 32. Qd3 Qxd2 33. Qxd2 Bxd2 34.
Rd3 Bg5 35. c5 e5 36. Rd7 e4 37. Kf1 e3 38. Ke2 f4 39. a4 Bf6 40. b5 axb5 41.
axb5 Kf8 42. Ra7 Ke8 43. Bc7 g5 44. b6 Kd7 45. Bxf4+ Kc6 46. Bxe3 Rb8 47. Rxh7
Re8 48. Rh6 Rf8 49. Bd4 Re8+ 50. Kd3 Kd5 51. Ke4+ 1-0

[Event "Polfinaly Mistrzostw Polski Juniorow 2023 C-13"]
[Site "Jastrzebia Gora"]
[Date "1899-12-30"]
[Round "1.16"]
[White "Poreba, Jan"]
[Black "Golab, Antoni"]
[Result "0-1"]
[WhiteTitle "III"]
[BlackTitle "II"]
[WhiteElo "1057"]
[BlackElo "1339"]

1. e4 c5 2. Nf3 d6 3. d4 cxd4 4. Nxd4 Nf6 5. Nc3 g6 6. Be3 Bg7 7. f3 O-O 8. Qd2
Nc6 9. O-O-O d5 10. exd5 Nxd5 11. Nxc6 bxc6 12. Bd4 Bxd4 13. Qxd4 Qc7 14. Nxd5
cxd5 15. Qxd5 Be6 16. Qe4 Rfc8 17. g4 Bxa2 18. Bd3 a5 19. c3 a4 20. Kd2 Rab8 21.
Ke3 Rxb2 22. Rc1 Qb6+ 23. Qd4 Qa5 24. h4 e5 25. Qd7 Rd8 26. Qc6 Bd5 27. Qb5 Rxb5
28. Bxb5 Qxb5 29. Rhd1 Qc5+ 30. Ke2 Bc4+ 31. Ke1 Qe3# 0-1

[Event "Polfinaly Mistrzostw Polski Juniorow 2023 C-13"]
[Site "Jastrzebia Gora"]
[Date "1899-12-30"]
[Round "1.17"]
[White "Raszkiewicz, Wiktor"]
[Black "Piwowarczuk, Jeremiasz"]
[Result "1-0"]
[WhiteTitle "II"]
[BlackTitle "II"]
[WhiteElo "1335"]
[BlackElo "1012"]

1. c4 Nf6 2. g3 e6 3. Bg2 g6 4. d3 Bg7 5. Nc3 c5 6. e4 Nc6 7. Nge2 Qc7 8. Bf4 d6
9. Nb5 Qa5+ 10. Nec3 O-O 11. Bxd6 Rd8 12. Bc7 Qb4 13. Bxd8 Nxd8 14. Qa4 Qxb2 15.
Rb1 1-0

[Event "Polfinaly Mistrzostw Polski Juniorow 2023 C-13"]
[Site "Jastrzebia Gora"]
[Date "1899-12-30"]
[Round "2.1"]
[White "Oles, Mateusz"]
[Black "Raszkiewicz, Wiktor"]
[Result "1-0"]
[WhiteTitle "II+"]
[BlackTitle "II"]
[WhiteElo "1549"]
[BlackElo "1335"]

1. e4 c5 2. Nf3 e6 3. c3 Nc6 4. d4 cxd4 5. cxd4 d5 6. e5 Nge7 7. Na3 Nf5 8. Nc2
Be7 9. Bd3 O-O 10. O-O Kh8 11. Re1 f6 12. Bxf5 exf5 13. Bf4 g5 14. exf6 Bxf6 15.
Be5 h6 16. Qd3 Bxe5 17. Nxe5 Ne7 18. Rac1 Kg7 19. Qa3 f4 20. Nb4 Bf5 21. Rc5 a5
22. Nbd3 Bxd3 23. Qxd3 Rf6 24. Qc3 Rc8 25. Qxa5 b6 26. Rxc8 Qxc8 27. Qb5 Re6 28.
Qb4 Nf5 29. Qd2 Qe8 30. Rc1 Nxd4 31. Qxd4 Rxe5 32. Re1 Kf6 33. Qxb6+ Kf5 34. Rf1
Re1 35. Qa6 d4 36. Qd3+ Qe4 37. Qxe4+ Rxe4 38. Rd1 Re2 39. Rb1 d3 40. Kf1 Ke4
41. Re1 f3 42. gxf3+ Kxf3 43. Rxe2 dxe2+ 44. Ke1 1-0

[Event "Polfinaly Mistrzostw Polski Juniorow 2023 C-13"]
[Site "Jastrzebia Gora"]
[Date "1899-12-30"]
[Round "2.2"]
[White "Staniczek, Kacper"]
[Black "Dunda, Szymon"]
[Result "1-0"]
[WhiteTitle "I"]
[BlackTitle "II"]
[WhiteElo "1504"]
[BlackElo "1324"]

1. e4 c5 2. Nf3 d6 3. d4 cxd4 4. Nxd4 Nf6 5. Nc3 a6 6. Be2 e5 7. Nb3 Be7 8. Bg5
Be6 9. Bxf6 Bxf6 10. Qd3 O-O 11. O-O-O Be7 12. Nd5 Bxd5 13. Qxd5 Nc6 14. c3 Qc7
15. Kb1 a5 16. Nd2 a4 17. a3 Ra5 18. Qd3 b5 19. Nf1 Rd8 20. Ne3 Bf8 21. Nd5 Qb8
22. g3 Ne7 23. f4 Nxd5 24. Qxd5 Qb6 25. Qd2 Be7 26. Rhf1 Rf8 27. f5 f6 28. Qd5+
Kh8 29. Qe6 Qc7 30. g4 Rb8 31. h4 Bf8 32. g5 Qe7 33. gxf6 Qxf6 34. Qxf6 gxf6 35.
Bh5 Ra7 36. Rg1 Rc7 37. Rg4 Rd7 38. Rg2 Rc7 39. Rdg1 Bh6 40. Be2 Rcc8 41. Rd1
Bf8 42. Rg3 Rb7 43. Ka1 Rb6 44. Bd3 Rb7 45. Bb1 Rd8 46. Ba2 Bh6 47. Rxd6 Rbb8
48. Rgd3 Rxd6 49. Rxd6 Bg7 50. Kb1 h5 51. Bf7 Kh7 52. Bxh5 Kg8 53. Bg6 Kf8 54.
Rd7 Kg8 55. Kc2 Bh6 56. Bh5 Bg7 57. Be2 Bh6 58. Rd5 1-0

[Event "Polfinaly Mistrzostw Polski Juniorow 2023 C-13"]
[Site "Jastrzebia Gora"]
[Date "1899-12-30"]
[Round "2.3"]
[White "Golab, Antoni"]
[Black "Seemann, Adam"]
[Result "0-1"]
[WhiteTitle "II"]
[BlackTitle "II"]
[WhiteElo "1339"]
[BlackElo "1501"]

1. e4 c5 2. Nf3 Nc6 3. d4 cxd4 4. Nxd4 g6 5. Nc3 Bg7 6. Be3 Nf6 7. Bc4 O-O 8. Bb3
d6 9. f3 Bd7 10. Qd2 Rc8 11. O-O-O Nxd4 12. Bxd4 b5 13. a3 a5 14. g4 b4 15. axb4
axb4 16. Na2 Be6 17. Bxe6 fxe6 18. Qxb4 Ra8 19. Nc3 Qd7 20. h4 Rfb8 21. Qc4 Ra1+
22. Nb1 d5 23. exd5 exd5 24. Qe2 Qb7 25. Rhe1 Ne4 26. Bxg7 Kxg7 27. fxe4 Rxb1+
28. Kd2 Qb4+ 29. Ke3 Qxe4+ 30. Kf2 R1xb2 31. Qxe4 dxe4 32. Rxe4 Rxc2+ 33. Kg3
Rc3+ 34. Kf4 Rf8+ 35. Ke5 Rcf3 36. Rd7 R8f7 37. Kd4 e5+ 38. Rxe5 Rxd7+ 39. Ke4
Rf1 40. h5 Re1+ 41. Kf4 Rf7+ 42. Kg5 Rxe5+ 43. Kh4 g5+ 44. Kh3 Re3+ 45. Kh2 Rf2+
46. Kg1 Ra2 47. Kf1 Rb3 48. h6+ Kg6 49. Ke1 Rb1# 0-1

[Event "Polfinaly Mistrzostw Polski Juniorow 2023 C-13"]
[Site "Jastrzebia Gora"]
[Date "1899-12-30"]
[Round "2.4"]
[White "Lewek, Jakub"]
[Black "Lesik, Sebastian"]
[Result "1/2-1/2"]
[WhiteTitle "I"]
[BlackTitle "II"]
[WhiteElo "1333"]
[BlackElo "1447"]

1. e4 c5 2. Nf3 e6 3. d4 cxd4 4. Nxd4 a6 5. c4 Nf6 6. Nc3 Qc7 7. a3 Be7 8. Be3
O-O 9. Be2 b6 10. O-O Bb7 11. Qc2 d6 12. Rac1 Nbd7 13. b4 Ne5 14. Qb1 Rac8 15.
h3 Qb8 16. f4 Nxc4 17. Bxc4 Rxc4 18. Qd3 Rfc8 19. g4 Qa8 20. e5 Nd5 21. Bd2 Nxc3
22. Bxc3 dxe5 23. fxe5 Bg5 24. Rxf7 Kxf7 25. Nxe6 Kxe6 26. Qf5+ Ke7 27. Qxg5+
Kf8 28. Rf1+ Kg8 29. Rf7 Kxf7 30. e6+ Kxe6 31. Qe5+ Kd7 32. Qf5+ Kc6 33. b5+ axb5
34. Qe6+ Kc5 35. Qe7+ Kc6 36. Qe6+ Kc7 37. Be5+ Kd8 38. Qd6+ Ke8 39. Qe6+ Kd8
1/2-1/2

[Event "Polfinaly Mistrzostw Polski Juniorow 2023 C-13"]
[Site "Jastrzebia Gora"]
[Date "1899-12-30"]
[Round "2.5"]
[White "Krogulski, Maksymilian"]
[Black "Furlepa, Oskar"]
[Result "1-0"]
[WhiteTitle "I"]
[BlackTitle "II"]
[WhiteElo "1441"]
[BlackElo "1243"]

1. e4 c5 2. Nf3 e6 3. d4 cxd4 4. Nxd4 Nc6 5. Nc3 Qc7 6. Be3 a6 7. g4 Bb4 8. Qd2
Nge7 9. O-O-O b6 10. a3 Bc5 11. Bg2 Bb7 12. Nxc6 Bxe3 13. Qxe3 Bxc6 14. f4 O-O-O
15. Bf1 Kb7 16. Rg1 d5 17. e5 Bd7 18. Qe2 Ra8 19. Bg2 Nc6 20. Qf2 Na5 21. Rd4
Nc4 22. Nxd5 exd5 23. Bxd5+ Ka7 24. Rxc4 Qd8 25. Bxa8 Kxa8 26. Rd1 Qe8 27. Qxb6
Bb5 28. Rc7 Qb8 29. Qxb8+ Kxb8 30. Rxf7 Be2 31. Rd6 Rc8 32. Rdd7 Bf3 33. e6 Bc6
34. Rxg7 Bxd7 35. exd7 Rd8 36. Rxh7 Kc7 37. g5 Rxd7 38. Rxd7+ Kxd7 39. c4 1-0

[Event "Polfinaly Mistrzostw Polski Juniorow 2023 C-13"]
[Site "Jastrzebia Gora"]
[Date "1899-12-30"]
[Round "2.6"]
[White "Burszczan, Piotr"]
[Black "Uhryn, Lukasz"]
[Result "0-1"]
[WhiteTitle "II"]
[BlackTitle "I"]
[WhiteElo "1316"]
[BlackElo "1435"]

1. d4 Nf6 2. c4 e6 3. g3 c5 4. e3 d5 5. Bg2 Be7 6. Nf3 O-O 7. O-O Qc7 8. Nbd2 Nc6
9. Qc2 b6 10. b3 Bb7 11. cxd5 Nxd5 12. e4 Ndb4 13. Qc3 Bf6 14. Bb2 cxd4 15. Qc1
Rac8 16. Qb1 a5 17. a3 Na6 18. Rc1 Qe7 19. e5 Nxe5 20. Bxd4 Nxf3+ 21. Nxf3 Bxf3
0-1

[Event "Polfinaly Mistrzostw Polski Juniorow 2023 C-13"]
[Site "Jastrzebia Gora"]
[Date "1899-12-30"]
[Round "2.8"]
[White "Michalczyk, Kajetan"]
[Black "Goralski, Mateusz"]
[Result "1/2-1/2"]
[WhiteTitle "II"]
[BlackTitle "II"]
[WhiteElo "1168"]
[BlackElo "1354"]

1. e4 c5 2. Nf3 d6 3. Bb5+ Bd7 4. Bxd7+ Qxd7 5. c4 e5 6. Nc3 g6 7. d3 Bg7 8. Be3
Ne7 9. O-O O-O 10. Qc2 f5 11. Rad1 f4 12. Bd2 h6 13. Ne2 g5 14. h3 Ng6 15. Kh1
Bf6 16. Neg1 h5 17. Nh2 Nc6 18. f3 Nd4 19. Qc1 Kg7 20. Bc3 Nc6 21. Ne2 Rh8 22.
Kg1 Nd4 23. Nxd4 cxd4 24. Be1 Rac8 25. Qd2 Kf7 26. Qa5 b6 27. Qa3 Be7 28. b4 Nf8
29. Qb3 Kg7 30. Kf2 Nh7 31. Ke2 Nf6 32. Rh1 b5 33. Nf1 Qd8 1/2-1/2

[Event "Polfinaly Mistrzostw Polski Juniorow 2023 C-13"]
[Site "Jastrzebia Gora"]
[Date "1899-12-30"]
[Round "2.9"]
[White "Baranowski, Jan"]
[Black "Dobrowolski, Kamil"]
[Result "1/2-1/2"]
[WhiteTitle "II"]
[BlackTitle "II+"]
[WhiteElo "1275"]
[BlackElo "1628"]

1. e4 c5 2. Nf3 d6 3. d4 cxd4 4. Nxd4 Nf6 5. Nc3 Nc6 6. f3 e5 7. Nb3 Be7 8. Bc4
O-O 9. Be3 a5 10. a4 Nb4 11. Nd5 Nfxd5 12. Bxd5 Bg5 13. Bxg5 Qxg5 14. O-O Qe3+
15. Kh1 Qb6 16. Qd2 Bd7 17. Rfc1 Rac8 18. Ra3 Rc7 19. c3 Na6 20. Re1 Kh8 21. Qe3
Qxe3 22. Rxe3 b6 23. Kg1 Nc5 24. Nxc5 dxc5 25. c4 f6 26. b3 g6 27. Ra2 Kg7 28.
Rd2 Bc8 29. Red3 Rd8 30. Kf2 Rcd7 31. Ke2 Rd6 32. h3 g5 33. g4 Rh8 34. Kf2 h5
35. Kg3 hxg4 36. hxg4 Rdd8 37. Rh2 Rxh2 38. Kxh2 Kf8 39. Kg2 Ke7 40. Rd1 Rh8 41.
Rh1 Rxh1 42. Kxh1 1/2-1/2

[Event "Polfinaly Mistrzostw Polski Juniorow 2023 C-13"]
[Site "Jastrzebia Gora"]
[Date "1899-12-30"]
[Round "2.10"]
[White "Skrzypiec, Franciszek"]
[Black "Rajlich, Vaclav"]
[Result "0-1"]
[WhiteTitle "II"]
[BlackTitle "I"]
[WhiteElo "1280"]
[BlackElo "1539"]

1. e4 c5 2. Nf3 g6 3. d4 cxd4 4. Nxd4 Nc6 5. Nc3 Bg7 6. Be3 Nf6 7. f3 O-O 8. Qd2
d5 9. Nxc6 bxc6 10. O-O-O Qa5 11. exd5 cxd5 12. Nxd5 Qxa2 13. Nxe7+ Kh8 14. Qb4
Qe6 15. Re1 a5 16. Qa3 Rd8 17. Bb5 Qe5 18. Nc6 Qxb5 19. Nxd8 Nd5 20. Bd4 Nb4 21.
Bxg7+ Kxg7 22. Qc3+ Kg8 23. Qb3 Qg5+ 24. Kb1 Qxd8 25. Rd1 Qb6 26. Rhe1 Be6 27.
Qe3 Qc6 28. Re2 Re8 29. Qd2 Qa4 30. Qe1 Qa2+ 31. Kc1 Qa1+ 32. Kd2 Rd8+ 0-1

[Event "Polfinaly Mistrzostw Polski Juniorow 2023 C-13"]
[Site "Jastrzebia Gora"]
[Date "1899-12-30"]
[Round "2.12"]
[White "Mielcuch, Karol"]
[Black "Malecki, Patryk"]
[Result "1/2-1/2"]
[WhiteTitle "II+"]
[BlackTitle "II"]
[WhiteElo "1479"]
[BlackElo "1152"]

1. c4 c6 2. Nf3 d5 3. b3 Bf5 4. g3 Nf6 5. Bb2 e6 6. Bg2 Be7 7. O-O O-O 8. d3 Nbd7
9. Nbd2 Qb6 10. e4 Bg6 11. Re1 dxe4 12. dxe4 Bc5 13. Qe2 Rad8 14. h3 Nh5 15. Kf1
Ndf6 16. a3 a5 17. Ne5 Bd4 18. Bxd4 Rxd4 19. Nxg6 hxg6 20. Qe3 Qd8 21. Ke2 e5
22. Rac1 c5 23. Nb1 Qb6 24. Red1 Rfd8 25. Rxd4 cxd4 26. Qd3 Nd7 27. Nd2 Nc5 28.
Qb1 Rc8 29. Bf3 Nf6 30. Ke1 Qe6 31. Bg2 Nfd7 32. Qc2 Qa6 33. Bf1 Qc6 34. f3 Qf6
35. Kf2 Qg5 36. Re1 Nf6 37. h4 Qh6 38. b4 Ne6 39. Bg2 g5 40. hxg5 Qxg5 41. Nf1
Nh5 42. Qb3 axb4 43. axb4 Ra8 44. c5 Nc7 45. Re2 Ra1 46. Ra2 Qc1 47. Rxa1 Qxa1
48. Bh3 Nb5 49. Bg4 Nf6 50. Bc8 Qa8 51. Qc4 Nc3 1/2-1/2

[Event "Polfinaly Mistrzostw Polski Juniorow 2023 C-13"]
[Site "Jastrzebia Gora"]
[Date "1899-12-30"]
[Round "2.13"]
[White "Iwan, Patryk"]
[Black "Szymczyk, Jan"]
[Result "1-0"]
[WhiteTitle "II+"]
[BlackTitle "II"]
[WhiteElo "1466"]
[BlackElo "1201"]

1. e4 d5 2. exd5 Qxd5 3. Nc3 Qa5 4. d4 Nf6 5. Nf3 Bf5 6. Bd3 Bg4 7. h3 Bh5 8. O-O
e6 9. Re1 Be7 10. Bd2 Qb6 11. Qe2 Bxf3 12. Qxf3 Nc6 13. Bb5 O-O 14. Be3 Nxd4 15.
Bxd4 Qxd4 16. Qxb7 Qb6 17. Qxb6 cxb6 18. a3 Rfd8 19. Ba6 Rd2 20. Bd3 Rc8 21. Rac1
Rxc3 22. bxc3 Bc5 23. Rf1 Nh5 24. Rcd1 Bxf2+ 25. Kh2 Bg3+ 26. Kh1 Bf2 27. Rxd2
Ng3+ 28. Kh2 Nxf1+ 29. Bxf1 1-0